00410nam a2200157Ia 4500003000400000008004100004040001600045082001700061100001800078245005100096700001900147260004100166300001000207650001200217650002300229GCL140319s9999 xx 000 0 eng d aGCL / cGCL04aCCb932bW S1 aWATRARI, MIKA10aSINUHE THE EGYPTIAN: A NOVEL / cWATRARI, MIKA1 aWALFORD, NAOMI a[S.N] : bPUTMAM & CO.,LTD ، c1949 a503 P04aFICTION04aEGYPT - LITERATURE